| 000 | 00658nam a2200241Ia 4500 | ||
|---|---|---|---|
| 003 | OSt | ||
| 005 | 20221006150334.0 | ||
| 006 | a|||||r|||| 00| 0 | ||
| 007 | ta | ||
| 008 | 221006b |||||||| |||| 00| 0 eng d | ||
| 020 | _cP1.50 | ||
| 024 | _a18,275 | ||
| 037 | _cTextual | ||
| 040 |
_aEASL _cEASL _beng |
||
| 041 |
_2eng _aeng |
||
| 082 | _aP41,9, K7 | ||
| 100 |
_aGOODRICHCL L Carrington _9656371 |
||
| 245 | 0 | _aFifteenth century illustrate Chinese primer | |
| 260 |
_aHong Kong _bHong University Press _c1972 |
||
| 300 |
_a332p. _ccm. |
||
| 942 |
_hP41,9, K7 _cTEXL _2CC |
||
| 999 |
_c1086361 _d1086361 |
||